MotoGP, Moto2 and Moto3 riders 2025 - Statistics

General Stats
  • This quiz has been taken 247 times
  • The average score is 49 of 75
Answer Stats
Hint Answer % Correct
Gresini Racing Ducati Alex Marquez
99%
Ducati Lenovo Team Marc Marquez
99%
Ducati Lenovo Team Francesco Bagnaia
96%
Leopard Racing Adrian Fernandez
93%
Trackhouse Aprilia Racing Ai Ogura
93%
Honda Castrol Racing Joan Mir
93%
LCR Honda Castrol Johann Zarco
93%
Aprilia Racing Jorge Martin
93%
Trackhouse Aprilia Racing Raul Fernandez
93%
Gresini Racing Ducati Fermin Aldeguer
92%
Pertimina Enduro VR46 Franco Morbidelli
92%
Red Bull KTM Factory Racing Brad Binder
91%
Gresini Moto2 Darryn Binder
91%
Prima Pramac Yamaha Team Jack Miller
91%
Honda Castrol Racing Luca Marini
91%
LCR Honda Idemitsu Somkiat Chantra
91%
Monster Energy Yamaha Team Alex Rins
90%
Tech3 KTM Factory Racing Enea Bastianini
90%
Prima Pramac Yamaha Team Miguel Oliveira
90%
Red Bull KTM Factory Racing Pedro Acosta
90%
Monster Energy Yamaha Team Fabio Quartararo
89%
Tech3 KTM Factory Racing Maverick Viñales
88%
Aprilia Racing Marco Bezzecchi
87%
Pertimina Enduro VR46 Fabio Di Giannantonio
86%
CFMoto Aspar Team David Alonso
84%
Fantic Racing Aron Canet
78%
Onlyfans American Racing Joe Roberts
76%
Liqui Moly Intact GP Manuel Gonzalez
76%
BLU CRU Pramac Yamaha Tony Arbolino
74%
CFMoto Aspar Team Daniel Holgado
73%
ELF Marc VDS Jake Dixon
73%
Red Bull KTM Ajo Jose Antonio Rueda
73%
Ilatrans Racing Team Diogo Moreira
70%
Fantic Racing Barry Baltus
68%
Red Bull KTM Ajo Deniz Öncü
68%
BLU CRU Pramac Yamaha Izan Guevara
68%
ELF Marc VDS Filip Salac
64%
Gresini Moto2 Albert Arenas
61%
CFMoto Aspar Team Maximo Quiles
61%
Onlyfans American Racing Marcos Ramirez
60%
Liqui Moly Intact GP Senna Agius
60%
Red Bull KTM Ajo Collin Veijer
59%
Liqui Moly Intact GP David Muñoz
59%
MT Helmets MSI Angel Piqueras
57%
CFMoto Aspar Team Dennis Foggia
56%
Sic58 Squadra Corsa Luca Lunetta
54%
Rivacold Snipers Team Riccardo Rossi
54%
QJMotor Sergio Garcia
53%
Honda Team Asia Taiyo Furusato
53%
Level Up MTA Joel Kelso
52%
Red Bull KTM Ajo Alvaro Carpe
51%
Team HDR Heidrun Alonso Lopez
50%
Liqui Moly Intact GP Guido Pini
50%
QJMotor Ivan Ortola
50%
Klint Forward Factory Team Jorge Navarro
50%
Leopard Racing David Almansa
49%
Idemitsu Honda Team Asia Mario Aji
47%
CIP Green Power Scott Ogden
46%
Klint Forward Factory Team Alex Escrig
45%
Indrofoglia Racing Team Ayumu Sasaki
44%
Red Bull KTM Tech3 Valentin Perrone
44%
MT Helmets MSI Ryusei Yamanaka
43%
Sic58 Squadra Corsa Stefano Nepa
42%
Ilatrans Racing Team Adrian Huertas
41%
Red Bull KTM Tech3 Jacob Roulstone
40%
Level Up MTA Matteo Bertelle
40%
CIP Green Power Noah Dettwiler
40%
Indrofoglia Racing Team Zonta Van Den Goorbergh
33%
BOE Motorsports Cormac Buchanan
32%
MLav Racing Team Eddie O'Shea
32%
Rivacold Snipers Team Niccolo Carraro
31%
Idemitsu Honda Team Asia Yuki Kunii
30%
Honda Team Asia Tatchakorn Buasri
29%
BOE Motorsports Ruche Moodley
24%
MLav Racing Team Marcos Uriarte
21%
No matching quizzes found
Score Distribution
Percent of People with Each Score
Percentile by Number Answered
Your Score History
You have not taken this quiz